000
00313nam a2200133Ia 4500
008
230312s9999||||xx |||||||||||||| ||und||
082
_a
612
_b
WAL-C
100
_a
Walker,Roger
245
0
_a
Clinical Pharmacy and Therapeutics
300
_a
900
546
_a
Eng.
650
_a
Pharmacy
_v
Pharmaceutics
942
_c
BK
999
_c
3666
_d
3666